000
00288nam a22001217a 4500
008
171103b xxu||||| |||| 00| 0 eng d
041
_a
eng
080
_2
11 ED
_a
339.138
100
_a
60
101
_a
MAR
245
_a
ENTRPRENEIRSHIP OWNING YOUR FUTURE
_c
MARRIOTI.S
942
_2
udc
_c
BK
999
_c
37572
_d
37572